00411nam a2200169 a 45000010005000000030009000050080041000140400028000550820009000831000024000922450027001162500007001432600029001503000015001794900024001946500023002182268CO-ViMGA141112s2004 ck r 000 u spa d aCO-ViMGAbspacCO-ViMGA04aOLAs1 aOlaizola, Jose Luis10aEl secreto de Gabriela a5a aMadrid : bAnaya, c1996 a114 p : il aEl duende verde, 2014aCUENTOS INFANTILES